Ancient India/ (Record no. 156011)

MARC details
000 -LEADER
fixed length control field 00499nam a22001817a 4500
005 - DATE AND TIME OF LATEST TRANSACTION
control field 20180818123018.0
010 ## - LCCN (DPL NO)
LC control number B-307211
020 ## - INTERNATIONAL STANDARD BOOK NUMBER
Terms of availability 85.00
035 ## - SYSTEM CONTROL NUMBER
System control number B-307211
037 ## - SOURCE OF ACQUISITION
Source of stock number/acquisition Publication Division
082 ## - DEWEY DECIMAL CLASSIFICATION NUMBER
Classification number 954
245 ## - TITLE STATEMENT
Title Ancient India/
Statement of responsibility, etc edited by Sapna N. Singh
260 ## - PUBLICATION, DISTRIBUTION, ETC. (IMPRINT)
Place of publication, distribution, etc Delhi
Name of publisher, distributor, etc Publication Division
Date of publication, distribution, etc 2001
300 ## - PHYSICAL DESCRIPTION
Extent 164p.
Dimensions 22cm(Pbk)
700 ## - ADDED ENTRY--PERSONAL NAME
Personal name Singh, Sapna N.
942 ## - ADDED ENTRY ELEMENTS (KOHA)
Source of classification or shelving scheme Dewey Decimal Classification
Item type English Books
Classification part 954
Call number suffix ANC
Holdings
Withdrawn status Lost status Not for loan Collection code Home library Current library Date acquired Full call number Barcode Koha item type
      Non-fiction Sarojini Nagar Sarojini Nagar 18/08/2018 954 ANC B-307211 English Books

© Delhi Public Library
Hit Counter
free hit counter